Ładuje się......

Basic category theory

Opis bibliograficzny
1. autor: Leinster, Tom
Format: Printed Book
Wydane: Cambridge University Press, Cambridge 2014
Seria:Cambridge studies in Advanced Mathematics 143
Hasła przedmiotowe:
LEADER 00500nam a2200169 4500
082 |a 512 LEI-B 
100 |a Leinster, Tom 
245 |a Basic category theory 
250
260 |a Cambridge University Press, Cambridge  |c 2014 
300 |a 183 p 
490 |a Cambridge studies in Advanced Mathematics 143 
650 |a Category theory 
700
942 |c BK 
999 |c 205659  |d 205659 
952 |0 0  |1 0  |4 0  |6 512_000000000000000_LEIB  |7 0  |9 219008  |a MAT  |b MAT  |l 0  |o 512 LEI-B  |p MAT7013  |r 2019-11-01  |w 2019-11-01  |y BK